Library Banner

Clinical hematology : (Record no. 131981)

MARC details
000 -LEADER
fixed length control field 00725cam a2200229 a 4500
001 - CONTROL NUMBER
control field 16256043
005 - DATE AND TIME OF LATEST TRANSACTION
control field 20231027103318.0
008 - FIXED-LENGTH DATA ELEMENTS--GENERAL INFORMATION
fixed length control field 100527s2012 moua b 001 0 eng
020 ## - INTERNATIONAL STANDARD BOOK NUMBER
International Standard Book Number 9781496332288
040 ## - CATALOGING SOURCE
Transcribing agency PK-LaUMT
082 00 - DEWEY DECIMAL CLASSIFICATION NUMBER
Classification number 616.15
Edition number 22
Item number TUR-L
100 1# - MAIN ENTRY--PERSONAL NAME
Personal name Turgeon, Mary Louise
245 10 - TITLE STATEMENT
Title Clinical hematology :
Remainder of title theory and procesures /
Statement of responsibility, etc by Mary Louise Turgeon
250 ## - EDITION STATEMENT
Edition statement 6th ed.
260 ## - PUBLICATION, DISTRIBUTION, ETC. (IMPRINT)
Place of publication, distribution, etc Philadelphia :
Name of publisher, distributor, etc Wolters Kluwer,
Date of publication, distribution, etc 2012
300 ## - PHYSICAL DESCRIPTION
Extent 758 p. :
Other physical details ill. (chiefly col.) ;
Dimensions 26 cm.
650 #0 - SUBJECT ADDED ENTRY--TOPICAL TERM
Topical term or geographic name as entry element Diagnosis, Laboratory.
650 12 - SUBJECT ADDED ENTRY--TOPICAL TERM
Topical term or geographic name as entry element Clinical Laboratory Techniques
General subdivision methods.
650 12 - SUBJECT ADDED ENTRY--TOPICAL TERM
Topical term or geographic name as entry element Technology, Medical
General subdivision methods.
650 22 - SUBJECT ADDED ENTRY--TOPICAL TERM
Topical term or geographic name as entry element Laboratory Techniques and Procedures.
942 ## - ADDED ENTRY ELEMENTS (KOHA)
Koha item type Books
Holdings
Withdrawn status Lost status Damaged status Home library Current library Date acquired Full call number Barcode Date last seen Price effective from Koha item type
      UMT Health Sciences Campus UMT Health Sciences Campus 2023-10-27 616.15 TUR-L 145639 2023-10-27 2023-10-27 Books